Treatise on materials science and technology (Record no. 31776)

000 -LEADER
fixed length control field 00647nam a22002297a 4500
001 - CONTROL NUMBER
control field 31776
003 - CONTROL NUMBER IDENTIFIER
control field BD-DhUET
008 - FIXED-LENGTH DATA ELEMENTS--GENERAL INFORMATION
fixed length control field 150705b xxu||||| |||| 00| 0 eng d
020 ## - INTERNATIONAL STANDARD BOOK NUMBER
International Standard Book Number 0123418410
040 ## - CATALOGING SOURCE
Original cataloging agency DLC
Transcribing agency DLC
Modifying agency BD-DhUET
082 ## - DEWEY DECIMAL CLASSIFICATION NUMBER
Classification number 620.1
Item number HER/1977
100 ## - MAIN ENTRY--PERSONAL NAME
Personal name Herman, Herbert
245 ## - TITLE STATEMENT
Title Treatise on materials science and technology
250 ## - EDITION STATEMENT
Edition statement 1st ed.
260 ## - PUBLICATION, DISTRIBUTION, ETC. (IMPRINT)
Place of publication, distribution, etc. New York
Name of publisher, distributor, etc. Academic Press
Date of publication, distribution, etc. 1977
300 ## - PHYSICAL DESCRIPTION
Extent xiii, (453-785)p.
Other physical details ill.
500 ## - GENERAL NOTE
General note Vol. 10
Part B (Properties of solid polymeric materials)
504 ## - BIBLIOGRAPHY, ETC. NOTE
Bibliography, etc Includes bibliographies
650 #0 - SUBJECT ADDED ENTRY--TOPICAL TERM
Topical term or geographic name as entry element Applied mechanics
700 ## - ADDED ENTRY--PERSONAL NAME
Personal name Schultz, J. M.
942 ## - ADDED ENTRY ELEMENTS (KOHA)
Koha item type Edited Book
Holdings
Koha normalized classification for sorting Lost status Shelving location Koha item type Copy number Price effective from Location (home branch) Not for loan Date acquired Koha date last seen Koha full call number Sublocation or collection (holding branch) Source of classification or shelving scheme Damaged status Withdrawn status Piece designation (barcode)
620_100000000000000_HER_1977 Circulation sectionEdited Book12015-07-05Central Library, BUET 2015-07-052015-07-05620.1/HER/1977Central Library, BUET   56087